Complete the Titles of Songs by Aerosmith - Statistics

General Stats
  • This quiz has been taken 66 times
  • The average score is 12 of 15
Answer Stats
Song Title % Correct
Dream {On}
100%
I Don't Want to Miss a {Thing}
100%
Walk This {Way}
100%
Dude (Looks Like a {Lady})
98%
Janie's Got a {Gun}
98%
Livin' on the {Edge}
97%
Love in an {Elevator}
97%
Sweet {Emotion}
95%
Rag {Doll}
93%
Back in the {Saddle}
83%
What It {Takes}
81%
The Other {Side}
72%
Hole in My {Soul}
52%
Taste of {India}
26%
Angel's {Eye}
16%
No matching quizzes found
Score Distribution
Percent of People with Each Score
Percentile by Number Answered
Your Score History
You have not taken this quiz